000 00817nam a22002532a 4500
001 1028
003 BD-RjUL
005 20211208233251.0
008 860101r19661946nyu b 000 0 eng d
035 _a(BD-RjUL)1050
040 _aRETROCON/NYGG (ZYU)
_cZYU
_dEQO
_dBD-RjUL
_beng
041 _aeng
082 0 4 _216
_a100
_bHOP
090 _aBD31
_b.H66
100 1 _aHoople, Ross Earle.
_93027
245 1 0 _aPreface to philosophy :
_bbook of readings /
_c[by] Ross Earle Hoople, Raymond Frank Piper [and] William Pearson Tolley
260 _aNew York :
_bThe Macmillan company,
_c1947 [c1946]
300 _axii, 513 p. ;
_c22 cm
504 _aBibliographical foot-notes.
650 0 _aPhilosophy
_93028
700 1 _aPiper, Raymond Frank.
_93029
700 1 _aTolley, William Pearson,
_d1900-
_93030
942 _2ddc
_cBK
999 _c1028
_d1028